Plus grandes villes du Japon - Statistiques

Statistiques générales
  • Ce quiz a été pris 242 fois
  • Le résultat moyen est 11 sur 30
Statistiques - réponses
Population Ville % Correct
9 272 740 Tokyo
100%
2 621 185 Osaka
94%
1 475 183 Kyoto
92%
1 194 034 Hiroshima
81%
1 537 272 Kobe
77%
2 295 638 Nagoya
74%
1 952 356 Sapporo
70%
3 724 844 Yokohama
68%
1 538 681 Fukuoka
56%
1 082 159 Sendai
49%
1 263 979 Saitama
36%
971 882 Chiba
35%
810 157 Niigata
32%
1 475 213 Kawasaki
31%
740 882 Kumamoto
31%
599 814 Kagoshima
26%
719 474 Okayama
26%
961 286 Kitakyushu
25%
704 989 Shizuoka
22%
797 980 Hamamatsu
21%
839 310 Sakai
18%
514 865 Matsuyama
13%
535 664 Himeji
11%
720 780 Sagamihara
10%
518 594 Utsunomiya
6%
577 513 Hachioji
5%
622 890 Funabashi
4%
502 784 Higashiosaka
3%
578 112 Kawaguchi
3%
487 850 Nishinomiya
1%
Aucun quiz correspondant
Distribution des résultats
% des personnes avec chaque résultat
Percentile par nombre de réponses
Votre historique - résultats
Vous n’avez pas pris ce quiz